<?xml version="1.0" encoding="UTF-8"?><?xml-stylesheet type="text/xsl" href="static/style.xsl"?><OAI-PMH xmlns="http://www.openarchives.org/OAI/2.0/" xmlns:xsi="http://www.w3.org/2001/XMLSchema-instance" xsi:schemaLocation="http://www.openarchives.org/OAI/2.0/ http://www.openarchives.org/OAI/2.0/OAI-PMH.xsd"><responseDate>2026-06-01T09:21:31Z</responseDate><request verb="GetRecord" identifier="oai:riuma.uma.es:10630/18649" metadataPrefix="marc">https://riuma.uma.es/rest/oai/request</request><GetRecord><record><header><identifier>oai:riuma.uma.es:10630/18649</identifier><datestamp>2026-02-03T11:56:31Z</datestamp><setSpec>com_10630_2254</setSpec><setSpec>col_10630_37959</setSpec></header><metadata><record xmlns="http://www.loc.gov/MARC21/slim" xmlns:dcterms="http://purl.org/dc/terms/" xmlns:doc="http://www.lyncode.com/xoai" xmlns:xsi="http://www.w3.org/2001/XMLSchema-instance" xsi:schemaLocation="http://www.loc.gov/MARC21/slim http://www.loc.gov/standards/marcxml/schema/MARC21slim.xsd">
   <leader>00925njm 22002777a 4500</leader>
   <datafield ind2=" " ind1=" " tag="042">
      <subfield code="a">dc</subfield>
   </datafield>
   <datafield ind2=" " ind1=" " tag="720">
      <subfield code="a">Rodríguez-Ortega, Nuria</subfield>
      <subfield code="e">author</subfield>
   </datafield>
   <datafield ind2=" " ind1=" " tag="720">
      <subfield code="a">Cruces-Rodríguez, Antonio</subfield>
      <subfield code="e">author</subfield>
   </datafield>
   <datafield ind2=" " ind1=" " tag="260">
      <subfield code="c">2019-10-28</subfield>
   </datafield>
   <datafield ind2=" " ind1=" " tag="520">
      <subfield code="a">El objetivo de esta comunicación breve es presentar el sistema Pathfinder (http://pathfinder-art.es) adoptado el formato de presentación «demo». Pathfinder (PF) es una aplicación utilitaria concebida como herramienta para el análisis gráfico y textual de la información registrada en ExpoFinder (www.expofinder.es), un repositorio de datos estructurados y semánticamente relacionados sobre exposiciones artísticas (Rodríguez-Ortega &amp; Cruces Rodríguez, 2018). Se trata de un desarrollo software realizado por el grupo de investigación iArtHis_Lab, del Departamento de Historia del Arte de la Universidad de Málaga (España), en el marco de los proyectos de investigación Catálogos artísticos: gnoseología, epistemologías y redes de conocimiento. Análisis crítico y computacional (HAR2014-51915-P), financiado por el Ministerio de de Economía y Competitividad, y  Metodologías de datos aplicadas al análisis de las exposiciones artísticas para el desarrollo de la economía creativa (PRY128-17), financiado por and el Centro de Estudios Andaluces de la Junta de Andalucía.</subfield>
   </datafield>
   <datafield ind1="8" ind2=" " tag="024">
      <subfield code="a">https://hdl.handle.net/10630/18649</subfield>
   </datafield>
   <datafield tag="653" ind2=" " ind1=" ">
      <subfield code="a">Arte - Exposiciones</subfield>
   </datafield>
   <datafield tag="653" ind2=" " ind1=" ">
      <subfield code="a">Aplicaciones informáticas</subfield>
   </datafield>
   <datafield ind2="0" ind1="0" tag="245">
      <subfield code="a">Pathfinder: sistema para el análisis y visualización de datos sobre catálogos y exposiciones artísticas</subfield>
   </datafield>
</record>
</metadata></record></GetRecord></OAI-PMH>